Estudios penales y criminológicos / (Record no. 174308)

MARC details
000 -LEADER
campo de control de longitud fija 00746nas a2200229 i 4500
001 - NÚMERO DE CONTROL
campo de control 174308
003 - IDENTIFICADOR DE NÚMERO DE CONTROL
campo de control ES-MaACL
005 - FECHA Y HORA DE LA ÚLTIMA TRANSACCIÓN
campo de control 20250217134856.0
008 - DATOS DE LONGITUD FIJA--INFORMACIÓN GENERAL
campo de control de longitud fija 100330c1979 sp | | ||pa d
022 ## - NÚMERO INTERNACIONAL NORMALIZADO PARA PUBLICACIONES SERIADAS
Número Internacional Normalizado para Publicaciones Seriadas 1137-7550
080 ## - NÚMERO DE LA CLASIFICACIÓN DECIMAL UNIVERSAL
Número de la Clasificación Decimal Universal 343
245 00 - MENCIÓN DEL TÍTULO
Título Estudios penales y criminológicos /
Mención de responsabilidad, etc. [Instituto de Criminología de la Universidad de Santiago de Compostela].
260 ## - PUBLICACIÓN, DISTRIBUCIÓN, ETC.
Lugar de publicación, distribución, etc. Santiago de Compostela :
Nombre del editor, distribuidor, etc. Secretariado de Publicaciones de la Universidad de Santiago de Compostela,
Fecha de publicación, distribución, etc. 1979-
300 ## - DESCRIPCIÓN FÍSICA
Extensión 2 v. ;
Dimensiones 21 cm.
310 ## - PERIODICIDAD ACTUAL
Periodicidad actual Anual
362 0# - FECHAS DE PUBLICACIÓN Y/O DESIGNACIÓN SECUENCIAL
Fecha de publicación y/o designación secuencial N. 3 (1979)-
650 #4 - PUNTO DE ACCESO ADICIONAL DE MATERIA--TÉRMINO DE MATERIA
Término de materia o nombre geográfico como elemento de entrada Criminología.
9 (RLIN) 135832
780 00 - ENLACE A UN TÍTULO/ENTRADA ANTERIOR
Título Estudios penales
852 ## - LOCALIZACIÓN
Ubicación ES-MaACL
Número de control de estantería C-57231-32
866 #0 - MENCIÓN TEXTUAL DE FONDOS--UNIDAD BIBLIOGRÁFICA BÁSICA
Fondos 1979 (nº 3), 1980 (nº4).
Holdings
Estatus retirado Estado de pérdida Estado de daño No para préstamo Colección Biblioteca de origen Biblioteca actual Ubicación en estantería Fecha de adquisición Fuente de adquisición Total de préstamos Signatura topográfica completa Código de barras Visto por última vez Precio de reemplazo Tipo de ítem Koha
        Periódicos y Revistas Biblioteca del Ateneo de Madrid Biblioteca del Ateneo de Madrid Depósito 2 30/03/2010     C-57231-32 1182964 23/02/2023 23/02/2023 Revista